Les 50 plus grandes communes du Morbihan, par habitants - Statistiques

Statistiques générales
  • Ce quiz a été pris 222 fois
  • Le résultat moyen est 23 sur 50
Statistiques - réponses
Place Commune Nombre d'habitants % Correct
1 Lorient 57567
99%
2 Vannes 53200
99%
7 Auray 13746
88%
6 Pontivy 14117
86%
3 Lanester 22095
80%
10 Ploërmel 9571
72%
38 Carnac 4236
71%
5 Hennebont 15489
71%
35 Quiberon 4938
71%
9 Saint-Avé 11095
64%
15 Sarzeau 7825
64%
4 Ploemeur 17847
59%
8 Guidel 11410
57%
17 Questembert 7440
57%
11 Séné 8943
57%
14 Theix-Noyalo 7907
56%
34 Muzillac 4988
53%
13 Larmor-Plage 8182
51%
40 Locminé 4159
49%
25 Baud 6230
47%
12 Quéven 8608
47%
30 Arradon 5413
46%
18 Pluvigner 7437
43%
33 Grand-Champ 5295
41%
37 Baden 4412
39%
26 Elven 5718
39%
43 Gourin 3972
39%
23 Inzinzac-Lochrist 6471
39%
28 Plouay 5529
39%
19 Caudan 6691
37%
16 Languidic 7772
37%
27 Plescop 5638
35%
20 Brech 6661
34%
39 Surzur 4224
34%
22 Kervignac 6559
33%
21 Ploeren 6611
33%
31 Riantec 5333
33%
32 Plouhinec 5307
32%
48 Pont-Scorff 3710
32%
50 Saint-Nolff 3660
31%
24 Guer 6299
29%
44 La Gacilly 3956
29%
49 Noyal-Pontivy 3677
28%
47 Belz 3731
27%
29 Pluneret 5473
25%
41 Locmiquélic 4098
22%
36 Nivillac 4490
22%
46 Moréac 3759
20%
45 Allaire 3793
14%
42 Plumergat 4028
14%
Aucun quiz correspondant
Distribution des résultats
% des personnes avec chaque résultat
Percentile par nombre de réponses
Votre historique - résultats
Vous n’avez pas pris ce quiz